Por el juego al atletismo
Saved in:
| Hovedforfatter: | |
|---|---|
| Format: | Bog |
| Sprog: | spansk |
| Udgivet: |
Buenos Aires
Kapelusz
1976
|
| Serier: | Educación Física
|
| Fag: | |
| Tags: |
Tilføj Tag
Ingen Tags, Vær først til at tagge denne postø!
|
MARC
| LEADER | 00000nam a2200000 a 4500 | ||
|---|---|---|---|
| 001 | UCU0461 | ||
| 003 | CL-VaPUC | ||
| 008 | 960322e19760000AG |||||||||||||||||spa|d | ||
| 082 | 0 | 4 | |a 796.4 |b SCH |2 21 |
| 100 | 0 | |a Schulz, Helmut |e author |9 355617 | |
| 245 | 1 | 0 | |a Por el juego al atletismo |
| 300 | |a 95 p | ||
| 942 | |c BK | ||
| 945 | |d 19960322 00:00:00 |a cmena | ||
| 260 | |a Buenos Aires |b Kapelusz |c 1976 | ||
| 650 | 0 | |a Atletismo |9 307422 | |
| 650 | 7 | |a DEPORTE |2 CL-VaPUC |9 355618 | |
| 650 | 0 | |a Juegos educativos |9 307366 | |
| 650 | 0 | |a Métodos de enseñanza |9 270413 | |
| 583 | |a last modification |c 19960322 00:00:00 |k Rodrigo Vera | ||
| 490 | 0 | |a Educación Física | |
| 999 | |c 245313 |d 245311 | ||
| 952 | |0 0 |1 0 |4 0 |6 796_400000000000000_SCH_1976 |7 0 |8 P |9 259783 |a BIBEDU |b BIBEDU |c BIBEDU_PB |d 2019-11-19 |i 1634607 |o 796.4 SCH 1976 |p 1634607 |r 2024-01-25 |w 2019-11-19 |y BK |k EDU | ||